The lazy man’s way to riches
The first half of The Lazy Man’s Way to Riches outlines ways to break self-destructive habits--such as the inability to make decisions or negative self-talk--and develop new ones to counteract them. The second half reveals the secrets to such invaluable business skills as starting a business and dev...
محفوظ في:
| المؤلف الرئيسي: | |
|---|---|
| التنسيق: | كتاب |
| اللغة: | Undetermined |
| منشور في: |
Hoboken, N.J.
Wiley
2005
|
| الموضوعات: | |
| الوسوم: |
إضافة وسم
لا توجد وسوم, كن أول من يضع وسما على هذه التسجيلة!
|
| Thư viện lưu trữ: | Trung tâm Học liệu Trường Đại học Cần Thơ |
|---|
| LEADER | 01358nam a2200217Ia 4500 | ||
|---|---|---|---|
| 001 | CTU_163159 | ||
| 008 | 210402s9999 xx 000 0 und d | ||
| 020 | |c 15.24 | ||
| 082 | |a 158.1 | ||
| 082 | |b N736 | ||
| 100 | |a Nixon, Richard Gilly | ||
| 245 | 4 | |a The lazy man’s way to riches | |
| 245 | 0 | |c Completely revised, updated, and expanded by Richard Gilly Nixon | |
| 260 | |a Hoboken, N.J. | ||
| 260 | |b Wiley | ||
| 260 | |c 2005 | ||
| 520 | |a The first half of The Lazy Man’s Way to Riches outlines ways to break self-destructive habits--such as the inability to make decisions or negative self-talk--and develop new ones to counteract them. The second half reveals the secrets to such invaluable business skills as starting a business and developing effective marketing skills. As one of the finest self-help and personal growth books ever written, The Lazy Man’s Way to Riches, 30th Anniversary Edition will inspire and instruct readers on the best ways to live their lives to the fullest. | ||
| 650 | |a Career development,Self-esteem,Success,Small business,Success in business,Hướng phát triển nghề nghiệp,Lòng tự trọng,Kinh doanh nhỏ,Sự thành công,Thành công trong kinh doanh | ||
| 650 | |x Management,Quản lý | ||
| 904 | |i Bạch Trúc | ||
| 980 | |a Trung tâm Học liệu Trường Đại học Cần Thơ | ||